| 000 | 00763nam a2200241Ia 4500 | ||
|---|---|---|---|
| 003 | GCL | ||
| 008 | 140319s9999 xx 000 0 ara d | ||
| 040 |
_aGCL / _cGCL |
||
| 082 | 0 | 4 |
_a791.437 _bم ا |
| 100 | 1 | _aمحمود قاسم | |
| 245 | 1 | 0 |
_aالاقتباس فى السينما المصرية / _cمحمود قاسم |
| 260 |
_aالقاهرة : _bنهضة مصر للطباعة والنشر والتوزيع |
||
| 300 | _a94 ص | ||
| 650 | 0 | 4 | _aمصر |
| 650 | 0 | 4 | _aالادب الروسى |
| 650 | 0 | 4 | _aالولايات المتحدة الامريكية |
| 650 | 0 | 4 | _aالافلام السينمائية |
| 650 | 0 | 4 | _aالسينما |
| 650 | 0 | 4 | _aالافلام |
| 650 | 0 | 4 | _aالائتمان |
| 650 | 0 | 4 | _aالاقتباس |
| 942 |
_2ddc _cBK |
||
| 999 |
_c40290 _d40290 |
||